El hombre que parecia un caballo y otros cuentos / (Record no. 17480)
[ view plain ]
| 000 -CABECERA | |
|---|---|
| campo de control de longitud fija | 00769cam a22002171 4500 |
| 001 - NÚMERO DE CONTROL | |
| campo de control | 000017956 |
| 005 - FECHA Y HORA DE LA ÚLTIMA TRANSACCIÓN | |
| campo de control | 20200929165307.0 |
| 008 - DATOS DE LONGITUD FIJA--INFORMACIÓN GENERAL | |
| campo de control de longitud fija | 770208s|||| pe 000 0 spa |
| 040 ## - FUENTE DE LA CATALOGACIÓN | |
| Centro catalogador/agencia de origen | DO-SdBNP |
| Centro/agencia transcriptor | FMFIU |
| Centro/agencia modificador | OCoLC |
| -- | CNE |
| -- | DLC |
| -- | BNPHU |
| 082 ## - NÚMERO DE LA CLASIFICACIÓN DECIMAL DEWEY | |
| Número de clasificación | G863.44 |
| Número de documento/Ítem | A683h |
| 049 ## - FONDOS LOCALES (OCLC) | |
| Fondos de biblioteca | BNGR |
| 100 2# - ENTRADA PRINCIPAL--NOMBRE DE PERSONA | |
| Nombre de persona | Arévalo Martínez, Rafael, |
| Fechas asociadas al nombre | 1884-1975 |
| 9 (RLIN) | 38937 |
| 245 13 - MENCIÓN DE TÍTULO | |
| Título | El hombre que parecia un caballo y otros cuentos / |
| Mención de responsabilidad, etc. | Rafael Arévalo Martínez. |
| 260 ## - PUBLICACIÓN, DISTRIBUCIÓN, ETC. | |
| Lugar de publicación, distribución, etc. | Lima : |
| Nombre del editor, distribuidor, etc. | Latinoamericana, |
| Fecha de publicación, distribución, etc. | [19 ?]. |
| 300 ## - DESCRIPCIÓN FÍSICA | |
| Extensión | 151 p. ; |
| Dimensiones | 17 cm. |
| 490 1# - MENCIÓN DE SERIE | |
| Mención de serie | Primer Festival del Libro Centroamericano |
| Designación de volumen o secuencia | 10 |
| 650 #4 - PUNTO DE ACCESO ADICIONAL DE MATERIA--TÉRMINO DE MATERIA | |
| Término de materia o nombre geográfico como elemento de entrada | Cuentos guatemaltecos |
| 9 (RLIN) | 15066 |
| 650 #4 - PUNTO DE ACCESO ADICIONAL DE MATERIA--TÉRMINO DE MATERIA | |
| Término de materia o nombre geográfico como elemento de entrada | Literatura guatemalteca |
| 9 (RLIN) | 5393 |
| 830 #0 - PUNTO DE ACCESO ADICIONAL DE SERIE-TÍTULO UNIFORME | |
| Título uniforme | Primer Festival del Libro Centroamericano, |
| Designación de volumen o secuencia | 10 |
| 9 (RLIN) | 38938 |
| 910 ## - DATOS DE OPCIÓN DEL USUARIO (OCLC) | |
| Datos de opción del usuario | Catalogación derivada |
| Estado de retiro | Estado de pérdida | Restricciones de uso | No para préstamo | Código de colección | Localización permanente | Ubicación/localización actual | Ubicación en estantería | Fecha de adquisición | Número de inventario | Total de préstamos | Signatura topográfica completa | Código de barras | Fecha visto por última vez | Precio válido a partir de | Tipo de ítem Koha |
|---|---|---|---|---|---|---|---|---|---|---|---|---|---|---|---|
| Monografías: Libros y Folletos | General | General | En catalogación | 07.04.2010 | LF1 | G863.44 A683h | 17956-10 | 25.06.2020 | 25.06.2020 | Préstamo en sala |
